|
|
|
|
| LEADER |
02052nam a2200445 a 4500 |
| 001 |
000000066 |
| 005 |
20180205160146.0 |
| 008 |
050727s1741 xo e lat |
| FMT |
|
|
|
| 040 |
|
|
|a SVKKK
|b slo
|c SVKKK
|e AACR2
|
| 041 |
0 |
|
|a lat
|
| 044 |
|
|
|a xo
|c SK
|
| 080 |
|
|
|a 347(094.1)
|
| 080 |
|
|
|a 347(439.5)
|
| 130 |
0 |
|
|a Articuli
|
| 245 |
0 |
0 |
|a Articuli Diaetales :
|b M. DCC. XLI. Cum Speciali Privilegio Sacrae Regiae Majestatis.
|
| 260 |
|
|
|a Tyrnaviae :
|b Typis Academicis Soc. Jesu,
|c Annô M. DCC. XLI [=1741]
|
| 300 |
|
|
|a [4],123,[1] s. A/10,B/8-G/8,H/6 [=64] list.
|c 8°. 16x10 cm
|
| 500 |
|
|
|a Za textom rkp. poznámky v lat. jazyku.
|
| 500 |
|
|
|a Na zl. A/2-A/3 Privilegium Regium Márie Terézie tlačiarni v závere s textom "Annô Domini Millesimô Septingentesimô Quadragesimô primô...", pod textom mená - Comes Ludovicus de Batthyán a Petrus Vegh. Na zl. A/7b-A/9 nesignov. úvod. Na zl. H/3-H/6 záver kráľovnej Márie Terézie, pod textom mená - Comes Ludovicus de Batthyán, mpr. a Josephus Koller de Nagy - Mánya, mpr.
|
| 500 |
|
|
|a Vlys ornam. s uhorským erbom, vlys ornam., linka ozdobná, inic. s ornam. pozadím vo voľ. priestore na 2, 3, 4 r., verz. vo voľ. priestore na 2, 3 r., kustódy.
|
| 510 |
4 |
|
|a Hanakovič I/32; Kolodziejský 12/77.
|
| 561 |
|
|
|a Peč.: Štátna vedecká knižnica v Košiciach.
|
| 563 |
|
|
|a Pôvodná - lepenka, hnedá koža, chrbát so zlát. ornam.-link. slepotlačou.
|
| 653 |
1 |
|
|a právo
|
| 653 |
1 |
|
|a uhorské právo
|
| 653 |
2 |
|
|a artikuly
|
| 700 |
0 |
|
|a Mária Terézia,
|c uhorská a česká kráľovná,
|d 1740-1780
|4 lso
|4 aui
|
| 700 |
1 |
|
|a Baťán, Ľudovít,
|d 1696-1765
|4 oth
|
| 700 |
1 |
|
|a Koller, Jozef,
|d 1703-1766
|4 oth
|
| 700 |
1 |
|
|a Vegh, Petrus
|4 oth
|
| 710 |
0 |
|
|a Akademická tlačiareň
|c Trnava
|d 1648-1773
|4 prt
|
| 752 |
|
|
|a Slovensko
|d Trnava
|
| 852 |
|
|
|p VII.66
|
| 904 |
|
|
|a cn--y----da------yyyb-1001--
|
| 905 |
|
|
|a bf-a0da-
|5 -------
|
| 910 |
|
|
|a svkkk
|
| 997 |
|
|
|a Batthyán, Ludovicus de p. Baťán, Ľudovít
|4 aui
|
| 998 |
|
|
|a TRNTL
|
| BAS |
|
|
|